000 01124 a2200289 4500
003 Nust
005 20221012181435.0
020 _a812030778x
040 _cNust
082 _a005.453,HOL
100 1 _aHolub, Allen I.
_9100066
245 0 0 _aCompiler design in C /
_cAllen I. Holub
260 _aEnglewood Cliffs, N.J. :
_bPrentice Hall,
_cc.1990
300 _axviii,924 P. :
_bill.
440 0 _aPrentice-Hall software series,
_9100067
505 _aBasic Concepts (Page-1), Input and Lexical Analysis (Page-32), Context-Free Grammars (Page-166), Top-Down Parsing (Page-195), Bottom –Up parsing (Page-337), Code Generation (Page-445), Optimization Strategies (Page-657), Appendix A (Page-680).
650 7 _aC
_936797
650 7 _aC (Computer program language)
_91226
650 7 _aC (Computer programming languages)
_9100068
650 7 _aC (Programmeringssprå«©
_9100069
650 7 _aC (programsprå«©
_9100070
650 7 _aCompilers (Computer programs)
_936877
650 7 _aComposites
_947226
650 7 _aKompilatorer
_9100071
650 7 _aProgramming languages
_958751
942 _2ddc
_cBK
_k005.453,HOL
999 _c193404
_d193404